| 000 | 00321 a2200121 4500 | ||
|---|---|---|---|
| 005 | 20250628111324.0 | ||
| 020 | _a0-916460-01-0 | ||
| 100 | _aSIPPL, C.J | ||
| 245 | _aMicrocomputer Dictionary and Guide | ||
| 260 |
_aNewport _bMatrix Publishers inc. _c1975 |
||
| 300 |
_aix, 680p.: ill; tables _bNotes _c24cm |
||
| 942 |
_2ddc _cBKS |
||
| 999 |
_c5978 _d5978 |
||